Doctor Who: Doctor/Story Matchup (2005-Present) Quiz Stats

Quiz not verified by Sporcle

Challenge
Share
Tweet
Embed
Score 0/108 Timer 10:00
0 Plays Today
% Correct
9th Doctor & Rose
77.4%
9th Doctor & Rose
77.3%
11th Doctor & Amy
76.7%
10th Doctor & Donna
76.5%
11th Doctor & Amy
76.4%
9th Doctor & Rose
75.9%
9th Doctor & Rose
75.8%
11th Doctor & Amy
75.6%
10th Doctor & Martha
75.2%
11th Doctor & Amy
74.8%
10th Doctor & Donna
74.5%
10th Doctor & Martha
74.1%
10th Doctor & Martha
73.2%
11th Doctor & Amy
73.2%
11th Doctor & Amy
72.9%
11th Doctor & Amy
72.7%
10th Doctor & Rose
72.6%
10th Doctor & Rose
72.6%
11th Doctor & Amy
72.6%
10th Doctor & Donna
72.4%
10th Doctor & Donna
72.1%
11th Doctor & Amy
71.5%
10th Doctor & Martha
71.2%
11th Doctor & Amy
70.6%
10th Doctor & Donna
70.1%
11th Doctor & Amy
69.5%
11th Doctor & Amy
69.5%
11th Doctor & Amy
69.2%
9th Doctor & Rose
68.9%
10th Doctor & Rose
68.6%
10th Doctor & Donna
68.3%
10th Doctor & Rose
67.2%
10th Doctor & Martha
67.2%
10th Doctor & Rose
66.2%
11th Doctor & Amy
66.2%
10th Doctor & Donna
66%
% Correct
11th Doctor & Amy
66%
10th Doctor & Rose
65.9%
10th Doctor & Martha
65.9%
11th Doctor & Amy
65.9%
11th Doctor & Amy
65.5%
11th Doctor & Amy
65.5%
12th Doctor & Clara
65.1%
12th Doctor & Clara
64.8%
12th Doctor & Clara
64.2%
10th Doctor & Donna
63.6%
11th Doctor & Amy
63.3%
12th Doctor & Clara
63%
12th Doctor & Clara
62.7%
10th Doctor & Martha
62%
12th Doctor & Clara
62%
12th Doctor & Clara
61.4%
11th Doctor & Amy
60.8%
11th Doctor & Clara
60.7%
9th Doctor & Rose
60.5%
10th Doctor & Adelaide Brooke
60.5%
10th Doctor & Rose
60.2%
10th Doctor & Martha
60.2%
11th Doctor & Amy
60.2%
9th Doctor & Rose
59.9%
10th Doctor & Rose
59.9%
12th Doctor & Clara
59.8%
11th Doctor & Clara
59.6%
11th Doctor & Amy
59.3%
11th Doctor & Clara
59%
9th Doctor & Rose
58.8%
10th Doctor & Donna
58.8%
12th Doctor & Clara
58.8%
12th Doctor & Clara
58.8%
9th Doctor & Rose
58.4%
10th Doctor & Jackson Lake
57.9%
10th Doctor & Martha
57.8%
% Correct
12th Doctor & Clara
57.8%
12th Doctor & Clara
57.5%
11th Doctor & Clara
57.2%
10th Doctor & Astrid
56.9%
10th Doctor & Rose
56.3%
12th Doctor & River
56.3%
11th Doctor & Amy
56.1%
12th Doctor & Clara
56.1%
10th Doctor & Rose
55.8%
12th Doctor & Clara
55.5%
11th Doctor & Clara
55.3%
11th Doctor & Amy
54.6%
9th Doctor & Rose
53.8%
11th Doctor & Amy
53.8%
12th Doctor & Clara
53.7%
10th Doctor & Martha
53.4%
11th Doctor & Clara
53%
11th Doctor & Clara
52.4%
12th Doctor & Clara
52.3%
10th Doctor & Donna
52.1%
11th Doctor & Clara
52%
12th Doctor & Clara
52%
10th Doctor & Lady Christina de Souza
51.7%
11th Doctor & Amy
51.7%
12th Doctor & Clara
51.5%
10th Doctor & Donna
51.4%
12th Doctor & Clara
50.8%
11th Doctor & Amy
50.5%
11th Doctor & Clara
49.8%
10th Doctor & Rose
49.5%
11th Doctor & Amy
49.4%
12th Doctor & Clara
49.4%
11th Doctor & Clara
49.1%
12th Doctor & Clara
47.3%
11th Doctor & Clara
42.1%
10th Doctor & Wilfred Mott
41%

You're not logged in!

Compare scores with friends on all Sporcle quizzes.
Sign Up with Email
OR
Log In

You Might Also Like...

Show Comments

Extras

Curator's Pick Sep 19, 2016ReportNominate
Tags:Doctor Who Quiz

Top Quizzes Today


Score Distribution

Your Account Isn't Verified!

In order to create a playlist on Sporcle, you need to verify the email address you used during registration. Go to your Sporcle Settings to finish the process.